Polkoráb

Bibliographic Details
Main Author: Váross, Marián, 1923-1988 (Author)
Format: Book
Language:Slovak
PhysicalDescription:160, [2] s. ilustr. 24 cm
Published: Bratislava Tvar 1953
Series:Knižnica výtvarného umenia
Subjects:

MARC

LEADER 00000aam a2200000 a 4500
001 vtls008404368
003 SK-MaSNL
005 20260301103753.0
008 250414s1953 xo a g h 001 0bslo
015 |a SNBA19451955-013238 
035 |a SK01SNKBKSFS20020096585 
035 |a urn:nbn:sk:snk-am3hu6y 
035 |a F8D8EF97-4D87-4075-9EC5-E41843B6CDBE 
035 |a urn:nbn:sk:snk-am00d9he 
035 |a SKM000099048 
040 |a SNK  |b slo  |c SNK  |e AACR2 
041 0 |a slo 
044 |a xo  |c SK 
072 7 |a 72/76  |x Výtvarné umenie  |2 konspekt 
080 |a 72/76(437.6)  |2 2011 
080 |a 929(092)  |2 2011 
080 |a (084.11)  |2 2011 
100 1 |a Váross, Marián,  |d 1923-1988  |4 aut  |9 105774 
245 1 0 |a Polkoráb  |c Marián Váross 
260 |a Bratislava  |b Tvar  |c 1953  |e Martin  |f Severoslov. tlač. 
300 |a 160, [2] s.  |b ilustr.  |c 24 cm 
366 |e 4 000 kusov 
490 1 |a Knižnica výtvarného umenia  |v sv. 14 
500 |a Frontispice 
504 |a Register reprodukcií 
600 1 7 |a Polkoráb, Štefan,  |d 1896-1951  |2 SNKMA  |9 193357 
650 0 7 |a slovenské výtvarné umenie  |2 SNKPH  |9 68597 
650 0 7 |a maliari  |2 SNKPH  |9 3150 
650 0 7 |a Slovak art  |2 SNKPHeng  |9 275442 
650 0 7 |a Painters  |2 SNKPHeng  |9 99679 
655 7 |a biografie  |2 SNKPH  |9 27965 
655 7 |a obrazové publikácie  |2 SNKPH  |9 70343 
655 7 |a Biography  |2 SNKPHeng  |9 266314 
655 7 |a Pictorial works  |2 SNKPHeng  |9 284468 
830 0 |a Knižnica výtvarného umenia  |9 308948 
852 |a Slovenská národná knižnica 
954 |a obrazové publikácie zamerané na výtv. umenie a fotografiu pôvodné (slovenské)  |2 lita 
958 |a EUIPO 
958 |a OND 
958 |a RK 
958 |a TL 
958 |a NB 
958 |a BX 
999 |c 696243  |d 698173 
952 |a SNK  |b SNK  |y PREZ  |7 0  |p 17A0644505  |o snkSC 4441/14  |i snk307/54  |0 0  |1 0  |4 0  |d 2011-12-05  |f 1  |l 0  |r 2025-06-25 00:00:00  |w 2026-02-23 
952 |a SNK  |b SNK  |y VYP  |7 0  |p 17A0629799  |o snkSC 4441/14 D1  |i snkK 2210/62  |8 3  |0 0  |1 0  |4 0  |d 2009-11-02  |l 0  |r 2026-02-23 20:42:11  |w 2026-02-23